000
00244nam a2200109Ia 4500
005
20251222154307.0
008
251222s9999||||xx |||||||||||||| ||spa||
082
_a
888.6/P68A
100
_a
Plutarco
245
0
_a
Alejandro y César
942
_c
LIB
999
_c
33248
_d
33248